| 000 | 00769nam a2200229 i 4500 | ||
|---|---|---|---|
| 001 | 87222 | ||
| 003 | ES-MaACL | ||
| 005 | 20250822035136.0 | ||
| 007 | t| | ||
| 008 | 041220s1921 xxk ||||1| eng d | ||
| 100 | 1 |
_aKnight, M. M. _968347 |
|
| 245 | 1 | 0 |
_aTaboo and genetics _b: a study of th biological and psychological foundation of the family / _cby M.M. Knight, Iva Louther Peters, Phyllis Blanchard. |
| 260 |
_aLondon : _bKegan Paul, French Trubner & Co., _c1921. |
||
| 300 |
_aXVI, 256 p. ; _c22 cm. |
||
| 650 | 0 | 4 |
_aTabĂșes. _917276 |
| 650 | 7 |
_aPsicologĂa sexual _2embne _916572 |
|
| 650 | 4 |
_aSexualidad. _917078 |
|
| 700 | 1 |
_aPeters, Iva Louther. _991472 |
|
| 700 | 1 |
_aBlanchard, Phyllis. _929143 |
|
| 852 |
_aES-MaACL _jF-4849 |
||
| 999 |
_c87222 _d87222 |
||